Detalles MARC
| 000 -CABECERA |
| campo de control de longitud fija |
03131nam a22002657a 4500 |
| 003 - IDENTIFICADOR DEL NÚMERO DE CONTROL |
| campo de control |
DO-SdBJH |
| 005 - FECHA Y HORA DE LA ÚLTIMA TRANSACCIÓN |
| campo de control |
20260702190155.0 |
| 008 - DATOS DE LONGITUD FIJA--INFORMACIÓN GENERAL |
| campo de control de longitud fija |
260701b2025 |||||||| |||| 00| 0 spa d |
| 040 ## - FUENTE DE LA CATALOGACIÓN |
| Centro catalogador/agencia de origen |
DO-SdBJH |
| Lengua de catalogación |
spa |
| Centro/agencia transcriptor |
DO-SdBJH |
| 041 0# - CÓDIGO DE LENGUA |
| Código de lengua del texto/banda sonora o título independiente |
spa |
| 090 ## - LOCALMENTE ASIGNADO TIPO-LC NÚMERO DE CLASIFICACIÓN (OCLC); NÚMERO DE CLASIFICACIÓN LOCAL (RLIN) |
| Número de clasificación (OCLC) (R) ; Numero de clasificación, CALL (RLIN) (NR) |
CT CM-0012 |
| Número cutter local (OCLC) ; Número de libro/Signatura topográfica íntegra, CALL (RLIN) |
AMBC 2025 |
| 100 1# - ENTRADA PRINCIPAL--NOMBRE DE PERSONA |
| Nombre de persona |
Batista Pujols, Nayeli |
| Término indicativo de función/relación |
Sustentante |
| 245 10 - MENCIÓN DE TÍTULO |
| Título |
Análisis sobre las implicaciones del personal del Ejército de República Dominicana (ERD) en tareas ajenas a la seguridad del espacio terrestre fronterizo : |
| Resto del título |
período 2023-2024 / |
| Mención de responsabilidad, etc. |
Nayeli Batista Pujols ; asesor metodológico David Aguiar ; asesor de contenido Wascal Montilla Almánzar. |
| 260 ## - PUBLICACIÓN, DISTRIBUCIÓN, ETC. |
| Lugar de publicación, distribución, etc. |
Santo Domingo, República Dominicana : |
| Nombre del editor, distribuidor, etc. |
UNADE, |
| Fecha de publicación, distribución, etc. |
2025. |
| 300 ## - DESCRIPCIÓN FÍSICA |
| Extensión |
xv, 84, [03] páginas : |
| Otras características físicas |
gráficas, fotografías. |
| 502 ## - NOTA DE TESIS |
| Nota de tesis |
Tesis y trabajos de grado (Licenciatura en Ciencias Militares)--Universidad Nacional para la Defensa "General Juan Pablo Duarte y Díez", Academia Militar "Batalla de las Carreras", Santo Domingo, 2025. |
| 504 ## - NOTA DE BIBLIOGRAFÍA, ETC. |
| Nota de bibliografía, etc. |
Incluye referencias bibliográficas y anexos. |
| 505 ## - NOTA DE CONTENIDO CON FORMATO |
| Nota de contenido con formato |
Misión, roles, funciones y actividades que desarrolla el Ejército de República Dominicana para proteger la frontera terrestre -- Características de la frontera terrestre y su influencia en las tareas, que realizan los miembros del Ejército de República Dominicana -- Implicaciones de la participación del personal del Ejército de República Dominicana, en tareas ajenas a la seguridad fronteriza terrestre. |
| 520 ## - SUMARIO, ETC. |
| Sumario, etc. |
Este monográfico analiza las implicaciones operativas, administrativas, legales socioeconómicas de la participación del Ejercito de la República Dominicana (ERD) en funciones ajenas a la seguridad fronteriza durante 2023-2024, utilizando un enfoque cualitativo y documental basado en leyes, decretos e informes institucionales. Aunque el marco jurídico define claramente las funciones castrenses, en la practica se permite que el ERD asuma tareas civiles como construcción, logística y apoyo a la seguridad pública, lo que ha reducido la vigilancia fronteriza y generando un aumento del tráfico ilícito y la migración irregular (30% según CESFRONT y DNCD). Esta desviación afecta la profesionalización militar, la moral del personal, la cadena de mando y la eficiencia operativa, además de provocar repercusiones económicas y sociales en la región fronteriza. Se concluye que estas practicas comprometen la defensa nacional y la estabilidad regional, por lo que se recomienda actualizar el marco doctrinal, definir con claridad las funciones del ERD, fortalecer el presupuesto para equipamiento y entrenamiento y mejorar la coordinación interinstitucional e internacional para garantizar una gestión fronteriza más activa. |
| 650 #7 - PUNTO DE ACCESO ADICIONAL DE MATERIA--TÉRMINO DE MATERIA |
| Fuente del encabezamiento o término |
lemb |
| Término de materia o nombre geográfico como elemento de entrada |
Seguridad fronteriza |
| Subdivisión de forma |
Tesis y disertaciones académicas |
| Subdivisión general |
Vigilancia fronteriza |
| -- |
Operaciones militares |
| Subdivisión geográfica |
Frontera dominico-haitiana |
| 650 #7 - PUNTO DE ACCESO ADICIONAL DE MATERIA--TÉRMINO DE MATERIA |
| Fuente del encabezamiento o término |
lemb |
| Término de materia o nombre geográfico como elemento de entrada |
Ejército |
| Subdivisión de forma |
Tesis y disertaciones académicas |
| Subdivisión general |
Funciones |
| -- |
Seguridad nacional |
| Subdivisión geográfica |
República Dominicana |
| 700 1# - PUNTO DE ACCESO ADICIONAL--NOMBRE DE PERSONA |
| Nombre de persona |
Aguiar, David |
| Término indicativo de función/relación |
asesor metodológico |
| 700 1# - PUNTO DE ACCESO ADICIONAL--NOMBRE DE PERSONA |
| Nombre de persona |
Montilla Almánzar, Wascal |
| Término indicativo de función/relación |
asesor de contenido |
| 942 ## - ELEMENTOS DE PUNTO DE ACCESO ADICIONAL (KOHA) |
| Fuente del sistema de clasificación o colocación |
Clasificación Local |
| Tipo de ítem Koha |
Tesis |